[Event "Hlohovec op"]
[Site "Hlohovec"]
[Date "1994.??.??"]
[Round "?"]
[White "Zapolskis, Antanas"]
[Black "Berezjuk, Sergej"]
[Result "0-1"]
[WhiteElo "2385"]
[BlackElo "2390"]

1.e4 d6 2.d4 Nf6 3.Nc3 e5 4.Nf3 Nbd7 5.Bc4 Be7 6.O-O O-O 7.a4 c6 8.dxe5 dxe5
9.Qe2 Qc7 10.Nh4 Nc5 11.f4 Be6 12.Nf3 exf4 13.e5 Nh5 14.b4 Qb6 15.a5 Qxb4
16.Bxe6 Nxe6 17.Ne4 Nd4 18.Qf2 Nxf3+ 19.gxf3 Qb5 20.c4 Qxc4 21.Bb2 Rfd8 22.Kh1 Qe6
23.Qg2 g6 24.Rae1 Rd3 25.Re2 Rad8 26.Nf2 Rd2 27.Ng4 Qc4 28.Rfe1 Rxe2 29.Qxe2 Qxe2
30.Rxe2 Bb4 31.a6 bxa6 32.Kg2 Rd2 33.Kf2 Rxe2+ 34.Kxe2 Kf8 35.Kd3 Ke7 36.Kc4 a5
37.Bd4 a6 38.Bf2 Ke6 39.Bh4 Be7 40.Be1 a4 41.Bc3 f6 42.exf6 Nxf6 43.Ne5 Nd5
44.Nxc6 Nxc3 45.Kxc3 a3 46.Kb3 Bc5 47.Nd8+ Kd5  0-1

[Event "Honra"]
[Site "Honra"]
[Date "1994.??.??"]
[Round "2"]
[White "Charneira, Hermenegildo"]
[Black "Pereira, Joao"]
[Result "0-1"]
[WhiteElo "2245"]
[BlackElo "2240"]

1.e4 d6 2.d4 Nf6 3.Nc3 c6 4.Be2 Nbd7 5.Be3 e5 6.dxe5 dxe5 7.Bd3 Bc5 8.Qe2 Qb6
9.Bxc5 Qxb2 10.Kd2 Nxc5 11.Nf3 Nxd3 12.Qxd3 Qb6 13.Kc1 Qc5 14.Rb1 O-O 15.Rd1 b5
16.Rd2 a5 17.Nh4 a4 18.Nd1 Be6 19.a3 Bc4 20.Qe3 Qxe3 21.Nxe3 Be6 22.f3 Rfd8
23.Nhf5 Kf8 24.g4 g6 25.Nh6 Ng8 26.Nxg8 Kxg8 27.g5 Kf8 28.Rb4 Ke7 29.h4 Rxd2
30.Kxd2 Rd8+ 31.Ke2 Rd4 32.Rb1 Bc4+ 33.Ke1 Be6 34.Ke2 Kd8 35.c3 Rd7 36.Rb4 Kc7
37.c4 Kb6 38.cxb5 cxb5 39.Rb2 Rd4 40.Nc2 Bc4+ 41.Ke1 Rd3 42.Rb1 Rxf3 43.Kd2 Rd3+
44.Ke1 Rh3 45.Kd2 Rxh4 46.Re1 Rh2+ 47.Kc3 Rh3+ 48.Re3 Rh1 49.Rf3 Rg1 50.Rf6+ Be6
51.Ne3 Rxg5 52.Kb4 Rg3 53.Nd5+ Kc6 54.Nc3 h5 55.Nxb5 h4 56.Nc3 h3 57.Rf1 Bg4
58.Rf6+ Be6 59.Rf1 Re3 60.Rc1 Kb6 61.Nxa4+ Ka7 62.Nc3 g5 63.a4 g4 64.Nb5+ Kb8
65.a5 Rxe4+ 66.Kc5 Ra4 67.Kb6 g3 68.a6 Rxa6+ 69.Kxa6 g2 70.Rd1 h2 71.Rd8+ Bc8+  0-1

[Event "Honra"]
[Site "Honra"]
[Date "1994.??.??"]
[Round "3"]
[White "Costa, F."]
[Black "Amaral, Nuno"]
[Result "0-1"]
[WhiteElo "2065"]
[BlackElo "2200"]

1.e4 d6 2.d4 Nf6 3.Nc3 c6 4.Nf3 Bg4 5.Be2 Nbd7 6.O-O e5 7.Be3 Be7 8.a4 a5
9.h3 Bxf3 10.Bxf3 O-O 11.d5 Qc7 12.Qd2 Rac8 13.Be2 Rfd8 14.Bd3 Nb6 15.Ra3 Nfd7
16.Rb3 Nc5 17.Ra3 Ra8 18.Qe2 cxd5 19.exd5 g6 20.f4 f5 21.fxe5 dxe5 22.Nb5 Qd7
23.d6 Bxd6 24.Bc4+ Kg7 25.Rd1 Nxc4 26.Qxc4 Ne4 27.Rad3 Rac8 28.Qd5 Rc6 29.Qxe5+ Bxe5
30.Rxd7+ Rxd7 31.Rxd7+ Kf6 32.c3 f4 33.Bd4 Bxd4+ 34.Nxd4 Rb6 35.Nb5 Nc5 36.Rd4 Re6
37.Rxf4+ Kg5 38.Rg4+ Kf6 39.Nd4 Re1+ 40.Kf2 Nd3+ 41.Kg3 Re3+ 42.Kh2 Nxb2
43.Nb5 Re5 44.Rd4 Nxa4 45.Kg3 Nc5 46.Kf3 Ne6  0-1

[Event "Honra"]
[Site "Honra"]
[Date "1994.??.??"]
[Round "6"]
[White "Quadrio, Alexandre"]
[Black "Pereira, Joao"]
[Result "1-0"]
[WhiteElo "2120"]
[BlackElo "2240"]

1.e4 d6 2.d4 Nf6 3.Nc3 c6 4.f4 Qa5 5.Bd3 e5 6.Nf3 Bg4 7.dxe5 dxe5 8.O-O Nbd7
9.Qe1 Bd6 10.fxe5 Nxe5 11.Nxe5 Bxe5 12.Kh1 Qc7 13.Be3 Be6 14.Ne2 Ng4 15.Nf4 Bxb2
16.Bg1 Bxa1 17.Qxa1 O-O-O 18.Qxg7 Ne5 19.h3 Rhg8 20.Qf6 Nxd3 21.cxd3 Qd7
22.Bh2 Qd4 23.Qh4 b6 24.Nxe6 fxe6 25.Qf4 Kb7 26.Qf7+ Ka6 27.Qxe6 Qxd3 28.Rg1 Rge8
29.Qxc6 Qxe4 30.Qc7 Rg8 31.Qc1 Rd3 32.Qf1 Ka5 33.Qf7 Rg5 34.Qxa7+ Kb5 35.a4+ Qxa4
36.Rb1+ Rb3 37.Rxb3+ Qxb3 38.Qd7+ Ka6 39.Qc8+ Kb5 40.Qd7+  1-0

[Event "Honra"]
[Site "Honra"]
[Date "1994.??.??"]
[Round "7"]
[White "Charneira, Hermenegildo"]
[Black "Amaral, Nuno"]
[Result "0-1"]
[WhiteElo "2245"]
[BlackElo "2200"]

1.e4 d6 2.d4 Nf6 3.Nc3 c6 4.Be2 Qa5 5.Bd2 e5 6.Nf3 Nbd7 7.O-O Qb6 8.Re1 Be7
9.a4 a5 10.Be3 Ng4 11.Bc1 Bf6 12.h3 exd4 13.Nd5 cxd5 14.hxg4 dxe4 15.Bb5 O-O
16.g5 exf3 17.gxf6 Nxf6 18.Bg5 fxg2 19.Ra3 d5 20.Qf3 Bg4 21.Qf4 Bh5 22.Rb3 Bg6
23.Bd3 Qc6 24.Qxd4 Bxd3 25.Rxd3 Ne4 26.Bh4 Qxc2 27.Rxe4 dxe4 28.Rg3 Qc1+
29.Kxg2 g6 30.Bg5 e3 31.Rxe3 Qc6+ 32.Kh2 f6 33.Re7 Rad8  0-1

[Event "Hradec Kralove op"]
[Site "Hradec Kralove"]
[Date "1994.??.??"]
[Round "3"]
[White "Kokes, Bohuslav"]
[Black "Skaroupka, Jiri"]
[Result "0-1"]
[WhiteElo "2010"]
[BlackElo "1915"]

1.e4 d6 2.d4 Nf6 3.Nc3 c6 4.f3 g6 5.Be3 Nbd7 6.Qd2 b5 7.d5 cxd5 8.Nxd5 a6
9.a4 bxa4 10.Rxa4 Bg7 11.Bd4 Bb7 12.Ne2 Bxd5 13.exd5 Nb6 14.Bxb6 Qxb6 15.Rb4 Qc5
16.c4 O-O 17.Nd4 Ne4 18.fxe4 Bxd4 19.Rb7 Qc8 20.Rb3 Bg7 21.Rf3 a5 22.h4 Qc5
23.h5 Rab8 24.b3 a4 25.Rhh3 a3 26.hxg6 Qb4 27.gxh7+ Kh8 28.Rf2 Bb2 29.Qxb4 Rxb4
30.Rxb2 axb2 31.Bd3 Rxb3 32.Bb1 Rxh3 33.gxh3 Rc8  0-1

[Event "HUN-chT 9394"]
[Site "?"]
[Date "1994.??.??"]
[Round "?"]
[White "Meszaros, Andras"]
[Black "Sutorikhin, Vladimir"]
[Result "0-1"]
[WhiteElo "2395"]
[BlackElo "2335"]

1.e4 d6 2.d4 Nf6 3.Nc3 Nbd7 4.f4 e5 5.Nf3 exd4 6.Qxd4 c6 7.Bc4 d5 8.exd5 Bc5
9.Qd3 O-O 10.dxc6 bxc6 11.Bd2 Re8+ 12.Ne2 Ne4 13.Rf1 Nxd2 14.Qxd2 Qb6 15.c3 Ba6
16.Bxa6 Qxa6 17.Qc2 Re7 18.Ne5 Nxe5 19.fxe5 Rxe5 20.Rf5 Rxf5 21.Qxf5 Re8
22.O-O-O Be3+ 23.Kb1 Qxe2 24.Rd7 Rf8 25.a3 Qxg2 26.Qe5 Bb6 27.Ka2 g6 28.Qf4 h5
29.Qc4 Qxh2 30.Qxc6 Qe5 31.c4 h4 32.Rd5 Qc7 33.Qb5 Rc8 34.b3 Qh2+ 35.Kb1 Bd4
36.Kc1 Qg1+ 37.Kc2 Qf2+ 38.Kd1 Kf8 39.Qd7 Re8  0-1

[Event "HUN-chT 9394"]
[Site "?"]
[Date "1994.??.??"]
[Round "?"]
[White "Karolyi, Tibor Jr"]
[Black "Lengyel, Levente"]
[Result "1/2-1/2"]
[WhiteElo "2395"]
[BlackElo "2385"]

1.e4 d6 2.d4 Nf6 3.Nc3 e5 4.Nf3 Nbd7 5.Bc4 Be7 6.O-O O-O 7.Re1 c6 8.a4 Qc7
9.b3 Re8 10.Bb2 h6 11.h3 Bf8 12.a5 exd4 13.Nxd4 Ne5 14.Bf1 Ng6 15.g3 Bd7
16.Bg2 b5 17.axb6 axb6 18.Rxa8 Rxa8 19.Qd2  1/2-1/2

[Event "HUN-chT2 9394"]
[Site "?"]
[Date "1994.??.??"]
[Round "?"]
[White "Papp, Zsolt"]
[Black "Cseh, Andor"]
[Result "1-0"]
[WhiteElo "2130"]
[BlackElo "2265"]

1.e4 d6 2.d4 Nf6 3.Nc3 Nbd7 4.f4 c6 5.Nf3 Qc7 6.e5 Ng8 7.Bd3 e6 8.Ng5 g6
9.f5 gxf5 10.Qh5 Nxe5 11.dxe5 dxe5 12.Bc4 Nf6 13.Qe2 b5 14.Bb3 h6 15.Nf3 Bd6
16.a3 a6 17.Bd2 e4 18.Ng1 Bxh2 19.O-O-O Ng4 20.Nh3 e3 21.Bxe3 c5 22.Bd5 Rb8
23.Rxh2 Nxe3 24.Qxe3 Qxh2 25.Bc6+ Kf8 26.Nf4 Kg7 27.Qe5+ Kh7 28.Qxb8 Qg3
29.Qe5 Rg8 30.Nce2 Qf2 31.Rh1  1-0

[Event "HUN-chT2 9394"]
[Site "?"]
[Date "1994.??.??"]
[Round "?"]
[White "Ruck, Robert"]
[Black "Cseh, Andor"]
[Result "1-0"]
[WhiteElo "2420"]
[BlackElo "2265"]

1.e4 d6 2.d4 Nf6 3.Nc3 Nbd7 4.f4 c6 5.Nf3 Qc7 6.e5 Nd5 7.Nxd5 cxd5 8.Bd3 e6
9.Kf2 g6 10.Qe1 Bg7 11.Bd2 b6 12.Bb4 Bf8 13.Ng5 Nb8 14.Bb5+ Nc6 15.exd6 Bxd6
16.Bxd6 Qxd6 17.Qe5  1-0

[Event "HUN-chT2 9394"]
[Site "?"]
[Date "1994.??.??"]
[Round "?"]
[White "Haag, Ervin"]
[Black "Kiss, Attila"]
[Result "0-1"]
[WhiteElo "2365"]
[BlackElo "2340"]

1.e4 d6 2.d4 Nf6 3.Nc3 Nbd7 4.f4 e5 5.Nf3 exd4 6.Qxd4 c6 7.Be2 d5 8.e5 Bc5
9.Qd3 Ng4 10.Nd1 Bb6 11.Qa3 Nc5 12.h3 Nh6 13.g4 f5 14.g5 Nf7 15.Be3 Ne6 16.Nf2 Bxe3
17.Qxe3 Qb6 18.Qxb6 axb6 19.Nd3 c5 20.b3 Bd7 21.Kf2 Ra3 22.Nd2 Ke7 23.c4 Bc6
24.Rhd1 Rha8 25.cxd5 Bxd5 26.Nb1 Bxb3 27.Nxa3 Bxd1 28.Bxd1 Rxa3 29.Bb3 Nfd8
30.g6 hxg6 31.Rg1 b5  0-1

[Event "HUN-chT2 9394"]
[Site "?"]
[Date "1994.??.??"]
[Round "?"]
[White "Haag, Ervin"]
[Black "Mihalko, Jozsef"]
[Result "1/2-1/2"]
[WhiteElo "2365"]
[BlackElo "2290"]

1.e4 d6 2.d4 Nf6 3.Nc3 c6 4.Nf3 Bg4 5.Be2 Qa5 6.O-O e5 7.Be3 Be7 8.Nd2 Bxe2
9.Qxe2 O-O 10.Rfd1 Nbd7 11.Nb3 Qc7 12.a4 Rfe8 13.d5 g6 14.a5 a6 15.Nd2 cxd5
16.exd5 Rac8 17.Ra3 Nh5 18.Kh1 Ng7 19.Nf1  1/2-1/2

[Event "HUN-chT2 9394"]
[Site "?"]
[Date "1994.??.??"]
[Round "?"]
[White "Mathe, Gaspar"]
[Black "Mihalko, Jozsef"]
[Result "1-0"]
[WhiteElo "2400"]
[BlackElo "2290"]

1.e4 d6 2.d4 Nf6 3.Nc3 c6 4.f4 Qa5 5.Bd3 e5 6.Nf3 Bg4 7.Be3 Nbd7 8.Qd2 Be7
9.O-O Qc7 10.h3 Bxf3 11.Rxf3 O-O 12.Ne2 c5 13.c3 d5 14.fxe5 Nxe4 15.Qd1 f5
16.Nf4 Qc6 17.Qb3 Nb6 18.Bb5 Qc8 19.Nxd5 Nxd5 20.Bc4 cxd4 21.cxd4 Bg5 22.Bxd5+ Kh8
23.Raf1 Nd2 24.Bxd2 Bxd2 25.Bxb7 Qd7 26.Bxa8 Qxd4+ 27.Kh1 Rxa8 28.Rd3 Qb4
29.Qd5 Qf8 30.Rxf5 Qc8 31.Rxd2 h6 32.Rdf2 Kh7 33.Qe4 Kg8 34.e6 Qc1+ 35.Rf1 Qxb2
36.e7  1-0

[Event "HUN-chT2 9394"]
[Site "?"]
[Date "1994.??.??"]
[Round "?"]
[White "Puschmann, Laszlo"]
[Black "Cseh, Andor"]
[Result "1/2-1/2"]
[WhiteElo "2335"]
[BlackElo "2265"]

1.d4 d6 2.e4 Nf6 3.Nc3 Nbd7 4.Nf3 e5 5.Bc4 h6 6.O-O Be7 7.Qe2 c6 8.a4 Qc7
9.Ba2 Nf8 10.h3 Ne6 11.Be3 g5 12.Qc4 Rg8 13.dxe5 dxe5 14.Nh2 h5 15.Rfd1 a6
16.Bb3 b6  1/2-1/2

[Event "HUN-chT2 9394"]
[Site "?"]
[Date "1994.??.??"]
[Round "?"]
[White "Bauer, Tamas"]
[Black "Istvandi, Lajos"]
[Result "1-0"]
[WhiteElo "2410"]
[BlackElo "2355"]

1.e4 d6 2.d4 Nf6 3.Nc3 c6 4.f4 Qa5 5.Bd3 e5 6.Nf3 Bg4 7.Be3 d5 8.fxe5 Nxe4
9.O-O Nxc3 10.bxc3 Be7 11.Qe1 O-O 12.Qg3 Bh5 13.Bg5 Bxg5 14.Nxg5 h6  1-0

[Event "JUG-chT"]
[Site "Igalo"]
[Date "1994.??.??"]
[Round "?"]
[White "Savicevic, Vlatko"]
[Black "Vlatkovic, Sinisa"]
[Result "1/2-1/2"]
[WhiteElo "2365"]
[BlackElo "2310"]

1.e4 d6 2.d4 Nf6 3.Nc3 c6 4.f4 Qa5 5.Bd3 e5 6.Nf3 Nbd7 7.Be3 Be7 8.Qd2 O-O
9.O-O-O b5 10.Kb1 b4 11.Ne2 d5 12.dxe5 Nxe4 13.Bxe4 dxe4 14.Nfd4 Qc7 15.Nf5 Nb6
16.Nxe7+ Qxe7 17.h3 Be6 18.Qd4 Bd5 19.Qc5 Qb7 20.b3 Nd7 21.Qa5 Rfb8 22.Rd2 Qc8
23.c4 bxc3 24.Nxc3 Nb6 25.Ka1 Qe6 26.Rf1 f6 27.exf6 Qxf6 28.Bd4 Qf7 29.f5 Rd8
30.Nd1 Bc4 31.Rf4 Bd3 32.Bb2 Nd5 33.Rg4 Nf6 34.Rf4 Rd5 35.Qc3 Bb5 36.Ne3 Rd3
37.Rxd3 exd3 38.a4 Re8 39.Ng4 Rd8 40.Nxf6+ Qxf6 41.Rf2 Qxc3 42.Bxc3 Ba6 43.b4 Bc4
44.a5 a6 45.Kb2 Rd5 46.Kc1 c5 47.bxc5 Rxc5 48.Kd2 Bb5 49.Rf4  1/2-1/2

[Event "JUG-chT"]
[Site "Igalo"]
[Date "1994.??.??"]
[Round "?"]
[White "Kosanovic, Goran A"]
[Black "Vlatkovic, Sinisa"]
[Result "1-0"]
[WhiteElo "2385"]
[BlackElo "2310"]

1.e4 d6 2.d4 Nf6 3.Nc3 c6 4.f4 Qa5 5.Bd3 e5 6.dxe5 dxe5 7.Nf3 Bg4 8.Bd2 Qc7
9.h3 Bxf3 10.Qxf3 Nbd7 11.f5 O-O-O 12.Bc4 Bb4 13.Nb1 Nb6 14.Bb3 Rd4 15.c3 Rxe4+
16.Kf1 Rd8 17.Bg5 Rdd4 18.g3 h6 19.Bxf6 Rf4 20.gxf4 Rxf4 21.Qxf4 exf4 22.Bxg7 Qd7
23.Bd4 Qxf5 24.Nd2 Qd3+ 25.Ke1 Be7 26.Kd1 c5 27.Bc2 Qb5 28.Bf5+ Kd8 29.Bf2 Qxb2
30.Rb1 Qxa2 31.Ke2 Nd5 32.Rhc1 Bf6 33.Rxb7 f3+ 34.Ke1 Qa6 35.Rb8+ Ke7 36.Bxc5+  1-0

[Event "JUG-chT"]
[Site "Igalo"]
[Date "1994.??.??"]
[Round "?"]
[White "Indjic, Dusan"]
[Black "Strikovic, Aleksa"]
[Result "1-0"]
[WhiteElo "2365"]
[BlackElo "2515"]

1.d4 d6 2.e4 Nf6 3.Nc3 c6 4.Nf3 g6 5.h3 Bg7 6.Be3 O-O 7.Qd2 b5 8.Bd3 Nbd7
9.O-O e5 10.dxe5 dxe5 11.a4 b4 12.Ne2 a5 13.c3 c5 14.Qc2 Bb7 15.Nd2 Qe7 16.f3 Nh5
17.Bb5 f5 18.Bxd7 Qxd7 19.Bxc5 Rfc8 20.Be3 Nf4 21.Bxf4 exf4 22.c4 fxe4 23.Nxe4 Ba6
24.Rad1 Qa7+ 25.c5 Qc7 26.b3 Rd8 27.Rxd8+ Rxd8 28.Rd1 Rxd1+ 29.Qxd1 Be5 30.Qd5+ Kg7
31.Nd4 Bc8 32.Nb5 Qe7 33.Nbd6 Bf5 34.c6 Bxe4 35.Nxe4 Bc7 36.Qd4+ Kf7 37.Qc4+ Kg7
38.Qd4+ Kf7 39.Qh8 Ke6 40.Qg8+ Ke5 41.Qc4 Qe6 42.Qc5+ Qd5 43.Qe7+  1-0

[Event "JUG-chT"]
[Site "Igalo"]
[Date "1994.??.??"]
[Round "?"]
[White "Pavlovic, Milos"]
[Black "Lazic, Miroljub"]
[Result "1-0"]
[WhiteElo "2235"]
[BlackElo "2505"]

1.e4 d6 2.d4 Nf6 3.Nc3 c6 4.a4 Qa5 5.Bd2 e5 6.Nf3 Bg4 7.h3 Bh5 8.Bd3 Nbd7
9.Qe2 Qc7 10.g4 Bg6 11.a5 Be7 12.a6 O-O 13.h4 h5 14.g5 Ng4 15.d5 Nb6 16.axb7 Qxb7
17.dxc6 Qxc6 18.Ra6 f5 19.gxf6 gxf6 20.Rg1 Kh8 21.Nh2 f5 22.exf5 Bxf5 23.Bxf5 Rxf5
24.Nxg4 Rg8 25.Qd3 Rf3 26.Qe4 Rxc3 27.Qf5 Qe8 28.bxc3 Nd5 29.Rxa7 Nf4 30.Bxf4 exf4
31.Kd2 f3 32.Nf6  1-0

[Event "JUG-chT"]
[Site "Igalo"]
[Date "1994.??.??"]
[Round "?"]
[White "Buljovcic, Ivan"]
[Black "Cvetkovic, Srdjan"]
[Result "0-1"]
[WhiteElo "2380"]
[BlackElo "2440"]

1.e4 d6 2.d4 Nf6 3.Nc3 e5 4.Nge2 c6 5.g3 Be7 6.Bg2 b5 7.O-O O-O 8.a3 Nbd7
9.f4 Bb7 10.h3 a6 11.Qe1 Re8 12.dxe5 dxe5 13.Be3 Bc5 14.Qf2 Bxe3 15.Qxe3 Qb6
16.Qxb6 Nxb6 17.fxe5 Nfd7 18.b3 Nxe5 19.Rad1 a5 20.Nd4 b4 21.axb4 axb4 22.Nce2 g6
23.Rfe1 Nbd7 24.Nf4 Ra2 25.Ra1 Rea8 26.Rxa2 Rxa2 27.Rc1 Ba6 28.Nf3 Nxf3+
29.Bxf3 Ne5 30.Be2 Bxe2 31.Nxe2 c5 32.Kf2 f6 33.Ke3 g5 34.Ng1 Kf7 35.Nf3 Nxf3
36.Kxf3 c4 37.bxc4 Ra3+ 38.Kg4 Kg6 39.h4 h5+ 40.Kh3 g4+ 41.Kg2 Rc3  0-1

[Event "IND-ch"]
[Site "?"]
[Date "1994.??.??"]
[Round "6"]
[White "Joshi, G B."]
[Black "Koshy, Varugeese"]
[Result "1-0"]
[WhiteElo "2320"]
[BlackElo "2415"]

1.e4 d6 2.d4 Nf6 3.Nc3 e5 4.Nf3 Nbd7 5.Be2 Be7 6.O-O O-O 7.Re1 c6 8.a4 a5
9.h3 Re8 10.Bf1 h6 11.Be3 Bf8 12.Qd2 Qc7 13.Rad1 Nb6 14.Qc1 Bd7 15.Nd2 Rad8
16.f4 Nh5 17.dxe5 dxe5 18.f5 Bc8 19.Nf3 Nd7 20.Kh2 Nhf6 21.g4 Nc5 22.Bd3 Rd4
23.Nxd4 exd4+ 24.Bf4 Bd6 25.Ne2 Nd5 26.Bxd6 Qxd6+ 27.Ng3 Ne3 28.Rd2 Nxe4
29.Bxe4 Rxe4 30.c3 d3 31.Rxd3 Nf1+ 32.Rxf1 Qxd3 33.Nxe4 Qxe4 34.Qe1 Qc4 35.Rf2 Kh7
36.Qd2 Qe4 37.Rf4 Qe5 38.Kg3 c5 39.Kf2 b6  1-0

[Event "IND-ch"]
[Site "?"]
[Date "1994.??.??"]
[Round "19"]
[White "Mithrakanth, Poorna Sharma"]
[Black "Koshy, Varugeese"]
[Result "1-0"]
[WhiteElo "2370"]
[BlackElo "2415"]

1.e4 d6 2.d4 Nf6 3.Nc3 e5 4.Nf3 Nbd7 5.Be3 Be7 6.h3 O-O 7.Be2 c6 8.O-O b5
9.a3 Bb7 10.dxe5 dxe5 11.g4 a5 12.g5 Ne8 13.Qd2 Nc7 14.Rad1 Bc8 15.Kh2 Ne6
16.Rg1 b4 17.Na4 Qc7 18.Bc4 Ndc5 19.Nxc5 Bxc5 20.Bxe6 Bxe3 21.Qxe3 Bxe6 22.Qc5 bxa3
23.bxa3 Rab8 24.Qxe5 Qxe5+ 25.Nxe5 Rb2 26.Rd2 c5 27.Rg3 Ra2 28.f4 g6 29.Nc6 a4
30.f5 Bb3 31.Rc3 c4 32.f6 h6 33.h4 h5 34.e5 Re8 35.Kg3 Kf8 36.Kf4 Rxa3 37.cxb3 cxb3
38.Rc1 Ra8 39.e6 fxe6 40.Ne5 Ke8 41.Rc7  1-0

[Event "Ischia op"]
[Site "Ischia"]
[Date "1994.??.??"]
[Round "?"]
[White "Borngaesser, Rene"]
[Black "Manouck, Thierry"]
[Result "1/2-1/2"]
[WhiteElo "2370"]
[BlackElo "2290"]

1.e4 d6 2.d4 Nf6 3.Nc3 Nbd7 4.g4 h6 5.g5 hxg5 6.Bxg5 e5 7.Nf3 Be7 8.Qd2 c6
9.h4 b5 10.a3 Bb7 11.Bh3 a5 12.Qe3 b4 13.Ne2 Qc7 14.Bxd7+ Kxd7 15.dxe5 dxe5
16.Qb3 Ke8 17.axb4 Bxb4+ 18.c3 Be7 19.Ng3 g6 20.Nxe5 Qxe5 21.Qxb7 Rb8 22.Rxa5 Rxb7
23.Rxe5 Ng4 24.Rxe7+ Rxe7 25.Bxe7 Kxe7 26.h5 Rb8 27.hxg6 fxg6 28.b4 c5 29.bxc5 Rb1+
30.Ke2 Rb2+ 31.Kf3 Ne5+ 32.Kf4 Ke6 33.f3  1/2-1/2

[Event "Isle of Man op"]
[Site "Isle of Man"]
[Date "1994.??.??"]
[Round "1"]
[White "Emms, John M"]
[Black "Shaw, John"]
[Result "1-0"]
[WhiteElo "2535"]
[BlackElo "2310"]

1.e4 d6 2.d4 Nf6 3.Nc3 Nbd7 4.Nf3 e5 5.Bc4 Be7 6.O-O O-O 7.a4 c6 8.Re1 b6
9.d5 c5 10.a5 a6 11.axb6 Nxb6 12.Bf1 Ne8 13.Nd2 Bg5 14.Na4 Nxa4 15.Rxa4 Nc7
16.Nc4 Bxc1 17.Qxc1 Bd7 18.Ra3 Bb5 19.Qd2 f5 20.exf5 Rxf5 21.Ne3 Rf4 22.c3 Qg5
23.Bxb5 axb5 24.Rxa8+ Nxa8 25.Ra1 Ra4 26.Rxa4 bxa4 27.Qd3 Nb6 28.Qb5 Qd8
29.Qc6 g6 30.g3 Kf7 31.Qb7+ Kg8 32.Ng4 Qg5 33.Qxb6 Qxg4 34.Qxd6 e4 35.Qb8+ Kg7
36.Qe5+ Kg8 37.d6 Kf7 38.Qd5+ Ke8 39.Qc6+ Kf7 40.Qd5+ Ke8 41.h3 Qf5 42.Qc6+ Kf8
43.Qc7 e3 44.Qe7+ Kg8 45.Qxe3 Qb1+ 46.Kh2  1-0

[Event "Isle of Man op"]
[Site "Isle of Man"]
[Date "1994.??.??"]
[Round "6"]
[White "Howell, James C"]
[Black "Conquest, Stuart"]
[Result "1-0"]
[WhiteElo "2505"]
[BlackElo "2505"]

1.e4 d6 2.d4 Nf6 3.Nc3 e5 4.Nge2 Be7 5.g3 Bg4 6.Bg2 exd4 7.Qxd4 Nc6 8.Qe3 Qd7
9.h3 Be6 10.Nf4 O-O 11.O-O Rae8 12.b3 Qc8 13.Bb2 Bd8 14.Rad1 h6 15.Kh2 Bg4
16.Rd2 Bf5 17.Re2 Bh7 18.Rfe1 a6 19.Qd2 Ne5 20.Ncd5 Nxd5 21.Nxd5 f6 22.c4 Nf7
23.h4 Qb8 24.Bh3 b5 25.Bd7 bxc4 26.Bxe8 Rxe8 27.bxc4 Ne5 28.Bxe5 fxe5 29.Qb4 Qa7
30.c5 dxc5 31.Qc4 Kh8 32.Rc1 c6 33.Ne3 Be7 34.Rd2 Bg8 35.Qa4 Qb7 36.Nc4 Qb5
37.Qc2 Qb8 38.Kg2 Bf8 39.Rcd1 Qb4 40.Nd6 Rb8 41.Nf5 c4 42.Rd8 Rxd8 43.Rxd8 c3
44.Rc8 Qc5 45.Ne3 Be6 46.Rd8 Kh7 47.Rd3 Qb4 48.f3 Bxa2  1-0

[Event "Isle of Man op"]
[Site "Isle of Man"]
[Date "1994.??.??"]
[Round "7"]
[White "Quillan, Gary"]
[Black "Shaw, John"]
[Result "1/2-1/2"]
[WhiteElo "2325"]
[BlackElo "2310"]

1.e4 d6 2.d4 Nf6 3.Nc3 Nbd7 4.f4 e5 5.dxe5 dxe5 6.fxe5 Nxe5 7.Qxd8+ Kxd8
8.Bg5 c6 9.O-O-O+ Kc7 10.Nf3 Bd6 11.Nd4 a6 12.Nf5 Bxf5 13.exf5  1/2-1/2

[Event "ITA-chT"]
[Site "Italy"]
[Date "1994.??.??"]
[Round "5"]
[White "Lucaroni, Massimiliano"]
[Black "Benvenuti, Carlo"]
[Result "1-0"]
[WhiteElo "2290"]
[BlackElo "2200"]

1.e4 d6 2.d4 Nf6 3.Nc3 c6 4.f4 Qa5 5.Bd3 e5 6.Nf3 Bg4 7.Be3 Nbd7 8.O-O Be7
9.h3 Bh5 10.Qd2 Bxf3 11.Rxf3 Qb4 12.a3 Qa5 13.Raf1 exd4 14.Bxd4 O-O-O 15.b4 Qc7
16.Bxa7 b5 17.Bf2 Kb7 18.a4 bxa4 19.Nxa4 Ra8 20.Nb2 Ra2 21.Nc4 d5 22.exd5 Nxd5
23.Rb1 Ka8 24.Be4 N7f6 25.Bxd5 Nxd5 26.b5 Rd8 27.b6 Nxb6 28.Nxb6+ Qxb6 29.Rxb6 Rxd2
30.Rfb3 Ra1+ 31.Kh2 Bd6 32.Rxc6 Bxf4+ 33.Bg3 Bxg3+ 34.Kxg3 Rd7 35.c4 Rad1
36.Ra6+ Ra7 37.Rab6 Rd8 38.c5 Rc7 39.c6 Rdc8 40.Kf4 Re8 41.Ra6+ Ra7 42.Rxa7+ Kxa7
43.Rb7+ Ka6 44.Rxf7 Rg8 45.Ke5 Kb6 46.Kd6 h5 47.Rb7+ Ka6 48.Rb2 Rd8+ 49.Ke7 Rd3
50.Rc2  1-0

[Event "JUG-chT2"]
[Site "?"]
[Date "1994.??.??"]
[Round "2"]
[White "Savova, Stefka"]
[Black "Borsuk, Angela"]
[Result "0-1"]
[WhiteElo "2205"]
[BlackElo "2230"]

1.e4 d6 2.d4 Nf6 3.Nc3 c6 4.a4 g6 5.f3 Bg7 6.Be3 O-O 7.h4 Nh5 8.Nge2 f5 9.exf5 gxf5
10.Qd2 e5 11.dxe5 dxe5 12.Qxd8 Rxd8 13.Bg5 Re8 14.O-O-O Be6 15.Rg1 Nd7 16.g4 fxg4
17.fxg4 Nhf6 18.h5 Kh8 19.h6 Bf8 20.Bxf6+ Nxf6 21.g5 Nd5 22.Rg3 Rad8 23.Ne4 Bf5
24.Bg2 Be7 25.Rf1 Bg6 26.N4c3 Nf4 27.Nxf4 exf4 28.Rxf4 Bxg5  0-1

[Event "JUG-chT2"]
[Site "?"]
[Date "1994.??.??"]
[Round "2"]
[White "Sibarevic, Milenko"]
[Black "Kovacevic, Dragan"]
[Result "1-0"]
[WhiteElo "2345"]
[BlackElo "2365"]

1.e4 d6 2.d4 Nf6 3.Nc3 c6 4.f4 Qa5 5.e5 Ne4 6.Qf3 Nxc3 7.Bd2 Qd5 8.Bxc3 Qxf3
9.Nxf3 Bf5 10.O-O-O d5 11.Rg1 h5 12.h3 e6 13.g4 Bg6 14.f5 exf5 15.e6 fxe6
16.Re1 hxg4 17.Rxe6+ Kd8 18.Ne5 Be8 19.hxg4 fxg4 20.Bd3 Be7 21.Ba5+ b6 22.Bd2 Bf6
23.Bf4 b5 24.Bf5 Rh5 25.Rxe8+  1-0

[Event "JUG-chT2"]
[Site "?"]
[Date "1994.??.??"]
[Round "4"]
[White "Pihajlic, Amalija"]
[Black "Borsuk, Angela"]
[Result "0-1"]
[WhiteElo "2115"]
[BlackElo "2230"]

1.e4 d6 2.d4 Nf6 3.Nc3 c6 4.Bd3 e5 5.dxe5 dxe5 6.h3 Be7 7.Nf3 Nbd7 8.O-O O-O
9.Be3 Qc7 10.Qe2 Nc5 11.Rfd1 b5 12.a3 a5 13.Bg5 Be6 14.Qe3 Nxd3 15.cxd3 b4
16.Ne2 c5 17.Rdc1 c4 18.Bxf6 Bxf6 19.dxc4 bxa3 20.Qxa3 Qb7 21.Ng3 Rfb8 22.Rc2 Rc8
23.b3 Be7 24.Qb2 f6 25.Nd2 Bc5 26.Rac1 a4 27.Rb1 Qa7 28.Nf3 axb3 29.Rc3 Rcb8
30.Rxb3 Rxb3 31.Qxb3 Bxf2+ 32.Kh2 Rc8 33.Nf5 Qc7 34.Qb7 Bxf5 35.exf5 e4+
36.Qxc7 Rxc7 37.Nd2 Re7 38.g4 Be3 39.Rd1 Rd7  0-1

[Event "JUG-chT2"]
[Site "?"]
[Date "1994.??.??"]
[Round "6"]
[White "Zivanic, Slobodan"]
[Black "Kovacevic, Dragan"]
[Result "0-1"]
[WhiteElo "2270"]
[BlackElo "2365"]

1.e4 d6 2.d4 Nf6 3.Nc3 c6 4.f4 Qa5 5.e5 Ne4 6.Qf3 Nxc3 7.Bd2 Qd5 8.Bxc3 Qxf3
9.Nxf3 d5 10.O-O-O e6 11.Bd3 b6 12.Rhf1 Ba6 13.g4 Be7 14.f5 Bxd3 15.Rxd3 c5
16.Kb1 Nc6 17.Rdd1 a5 18.Be1 a4 19.c3 h5 20.gxh5 Rxh5 21.fxe6 fxe6 22.Rg1 Rf5
23.Rd3 Kf7 24.Bg3 g5 25.Be1 Rg8 26.h3 b5 27.Rg3 b4 28.Rd1 bxc3 29.Bxc3 Rb8
30.Rd2 cxd4 31.Nxd4 Rf1+ 32.Kc2 Nxe5 33.Re2 Bf6 34.Rge3 a3 35.Rxe5 axb2 36.Bxb2 Bxe5
37.Rxe5 Rf2+ 38.Ne2 Rxb2+ 39.Kxb2 Kf6 40.Re3 d4 41.Re4 Kf5 42.Rxd4 Rxe2+
43.Kb3 Re3+ 44.Kb4 Rxh3 45.Rd1 g4 46.a4 g3 47.a5 Rh2 48.Kc5 g2 49.Rg1 Kf4
50.a6 Kg3 51.a7 Rh8  0-1

[Event "JUG-chT2"]
[Site "?"]
[Date "1994.??.??"]
[Round "10"]
[White "Dragojlovic, Andjelko"]
[Black "Kovacevic, Dragan"]
[Result "1/2-1/2"]
[WhiteElo "2335"]
[BlackElo "2365"]

1.e4 d6 2.d4 Nf6 3.Nc3 c6 4.h3 Qa5 5.Bd2 e5 6.Nf3 Qc7 7.dxe5 dxe5 8.a4 Be7
9.Bc4 O-O 10.O-O a5 11.Qe2 Na6 12.Nh4 Nc5 13.Nf5 Rd8 14.Bg5 Be6 15.Rfd1 Rxd1+
16.Rxd1 Rd8 17.Rxd8+ Bxd8  1/2-1/2

[Event "JUG-chT"]
[Site "JUG"]
[Date "1994.??.??"]
[Round "4"]
[White "Solak, Dragan"]
[Black "Ivanisevic, Ivan"]
[Result "0-1"]
[WhiteElo "2180"]
[BlackElo "2230"]

1.e4 d6 2.d4 Nf6 3.Nc3 e5 4.Nf3 Nbd7 5.h3 Be7 6.Be3 O-O 7.Qd2 c6 8.g4 b5
9.Bd3 b4 10.Ne2 d5 11.Ng3 dxe4 12.Nxe4 exd4 13.Nxd4 Ne5 14.Nxf6+ Bxf6 15.O-O-O c5
16.Nf5 Qa5 17.Kb1 Be6 18.b3 Nxd3 19.cxd3 Bxb3 20.Rc1 Bc3 21.Qe2 Be6 22.Bd2 Qxa2+  0-1

[Event "JUG-chT"]
[Site "JUG"]
[Date "1994.??.??"]
[Round "6"]
[White "Zlatanovic, Boroljub"]
[Black "Ivanisevic, Ivan"]
[Result "0-1"]
[WhiteElo "2320"]
[BlackElo "2230"]

1.e4 d6 2.d4 Nf6 3.Nc3 e5 4.dxe5 dxe5 5.Qxd8+ Kxd8 6.Nf3 Bd6 7.Bd3 c6 8.Bg5 Be6
9.O-O-O Kc7 10.Nh4 Ng4 11.Rdf1 Bc5 12.Nd1 Nd7 13.a3 b5 14.h3 Ngf6 15.f4 h6
16.Bxf6 Nxf6 17.fxe5 Nd7 18.Nf3 a5 19.Kd2 Nb6 20.Ne3 b4 21.axb4 axb4 22.b3 Ra2
23.Rb1 g6 24.Ng4 Nd7 25.Ne3 Rha8 26.Nc4 Nb6 27.Ne3 R8a3 28.Ke2 Bxb3 29.Nd2 Be6
30.Rhc1 Na4 31.Nd1 Nc3+ 32.Nxc3 Rxc3 33.Ra1 Raa3 34.Rcb1 Bd4 35.Nf3 Rxd3
36.Rxa3 bxa3 37.Kxd3 a2  0-1

[Event "JUG-chT"]
[Site "JUG"]
[Date "1994.??.??"]
[Round "9"]
[White "Nepeina Leconte, Maria"]
[Black "Shumiakina, Tatiana"]
[Result "1/2-1/2"]
[WhiteElo "2210"]
[BlackElo "2315"]

1.e4 d6 2.d4 Nf6 3.Nc3 e5 4.Nf3 Nbd7 5.Be2 Be7 6.O-O O-O 7.Re1 c6 8.Bf1 b5
9.a3 a6 10.Nb1 Re8 11.c4 Bb7 12.d5 bxc4 13.Bxc4 cxd5 14.Bxd5 Nxd5 15.exd5 Nf6
16.Nc3 Qd7 17.Ng5 Rac8 18.Nge4 Nxe4 19.Rxe4 Bd8 20.Qa4 Qe7 21.Rb4 Rf8 22.Be3 a5
23.Rc4 Ra8 24.Rd1 Ba6 25.Rc6 Bb7 26.Rc4 Ba6 27.Rc6 Bb7  1/2-1/2